La sociedad romana (Record no. 65537)

MARC details
000 -LEADER
campo de control de longitud fija 00707nam a2200193 i 4500
001 - NÚMERO DE CONTROL
campo de control 65537
003 - IDENTIFICADOR DE NÚMERO DE CONTROL
campo de control ES-MaACL
005 - FECHA Y HORA DE LA ÚLTIMA TRANSACCIÓN
campo de control 20250905123708.0
007 - CAMPO FIJO DE DESCRIPCIÓN FÍSICA--INFORMACIÓN GENERAL
campo de control de longitud fija t|
008 - DATOS DE LONGITUD FIJA--INFORMACIÓN GENERAL
campo de control de longitud fija 040115s1947 mx ||||1| spa d
100 1# - ENTRADA PRINCIPAL--NOMBRE DE PERSONA
Nombre de persona Friedlaender, Ludwing.
9 (RLIN) 52624
245 13 - MENCIÓN DEL TÍTULO
Título La sociedad romana
Resto del título : historia de las costumbres en Roma, desde Augusto hasta los Antoninos /
Mención de responsabilidad, etc. L. Friedlaender ; traducción del alemán por W. Roces.
250 ## - MENCION DE EDICION
Mención de edición [1ª ed.].
260 ## - PUBLICACIÓN, DISTRIBUCIÓN, ETC.
Lugar de publicación, distribución, etc. México :
Nombre del editor, distribuidor, etc. Fondo de Cultura Económica,
Fecha de publicación, distribución, etc. [1947] (
Fabricante Gráfica Panamericana)
300 ## - DESCRIPCIÓN FÍSICA
Extensión 1216 p., 16 lám. :
Otras características físicas graf. ;
Dimensiones 24 cm.
700 1# - ENTRADA AGREGADA--NOMBRE PERSONAL
Nombre de persona Roces, Wenceslao,
Fechas asociadas al nombre 1897-1992
9 (RLIN) 98039
852 ## - LOCALIZACIÓN
Ubicación ES-MaACL
Número de control de estantería D-6857
Sublocalización o colección R.28699
Holdings
Estatus retirado Estado de pérdida Estado de daño No para préstamo Biblioteca de origen Biblioteca actual Ubicación en estantería Fecha de adquisición Fuente de adquisición Total de préstamos Signatura topográfica completa Código de barras Visto por última vez Precio de reemplazo Tipo de ítem Koha
        Biblioteca del Ateneo de Madrid Biblioteca del Ateneo de Madrid Sala Valle Inclán 17/01/2008     D-6857 901068663 23/02/2023 23/02/2023 Libro impreso